| 000 | 03310nam0a2200385 4500 | ||
|---|---|---|---|
| 001 | RU\NLR\cart\2769 | ||
| 005 | 20250617203803.0 | ||
| 035 | _a(NLR Aleph) 004272882 | ||
| 090 |
_a2272365 _c2272365 |
||
| 100 | _a20001027d1902 |||y0rusy50 ca | ||
| 101 | 0 |
_arus _afre |
|
| 102 | _aRU | ||
| 105 | _ay z 000yy | ||
| 120 | _abyy xx|| | ||
| 135 | _acrmn mmmanaba | ||
| 200 | 1 |
_aКраткий объяснительный текст к Почвенной карте Европейской России, изданной в 1901 году _bКарты _dNote explicative sur la carte des sols de la Russie d Europe, édition du Département de l Agriculture _fГ. И. Танфильев и А. Р. Ферхмин _fG. Tanfilieff et A. Ferkhmine |
|
| 210 |
_aС.-Петербург _cТипо-литография "Герольда" _d1902 |
||
| 215 |
_a1 т. (35, [1] с.) _cтабл. _d27х17 см |
||
| 300 | _aВ надзаг.: Министерство Земледелия и Государственных Имуществ. Департамент Земледелия | ||
| 311 | _aПочвенная карта Европейской России (Шифр хранения К 3-РоссЕ 3/158) | ||
| 325 | _aКопия доступна в Электрон. б-ке РНБ | ||
| 488 | 0 |
_1001RU\NLR\BIBL_A\011643306 _12001#$aПочвенная карта Европейской России$bКарты$dCarte du sol de la Russie d'Europe$fсоставленная по почину и плану проф. В. В. Докучаева проф. Н. М. Сибирцевым, Г. И Танфильевым и А. Р. Ферхминым$gпод наблюдением учёнаго комитета Министерства земледелия и государственных имуществ$fdressée sur l'initiative et d'après le plan de mr. le prof. W. Dokoutchaīef par mr. le prof. N. Sibirtzef et mrs. G. Tanfilief et A. Ferkhmine$gsous les auspices du comité scientifique du Ministère de l'agriculture et des domaines _1210##$aС.Петербург$cиздание Департамента земледелия$d1900 _911091426 _cС.Петербург _d1900 _fсоставленная по почину и плану проф. В. В. Докучаева проф. Н. М. Сибирцевым, Г. И Танфильевым и А. Р. Ферхминым _lCarte du sol de la Russie d'Europe _nиздание Департамента земледелия _p1 к. (6 л. в общ. рамке) _tПочвенная карта Европейской России: Карты |
|
| 606 | 1 |
_aПочвы _yРоссия _92357090 _3RU\NLR\AUTH\6601630373 |
|
| 620 | _aСанкт-Петербург | ||
| 701 | 1 |
_aТанфильев _bГ. И. _f1857-1928 _gГавриил Иванович |
|
| 701 | 1 |
_aФерхмин _bА. Р. _f1858-1905 _gАльберт Романович |
|
| 801 | 0 |
_aRU _bNLR _c20001027 _gPSBO |
|
| 801 | 1 |
_aRU _bNLR _c20030417 |
|
| 852 |
_aNLR _bК _jТекст/833 _m80348 _t91110 |
||
| 901 | _eКартографические материалы | ||
| 942 | _cBOOK | ||
| 980 | _aNB | ||
| 981 | 1 | 9 | _a(19) Картографические материалы |